| 000 | 00602nam a2200229Ia 4500 | ||
|---|---|---|---|
| 005 | 20250425162457.0 | ||
| 008 | 250425s9999 xx 000 0 und d | ||
| 020 | _a1584883928 | ||
| 041 | _aeng | ||
| 082 | _a621.3848011 | ||
| 100 | _aMAHAFZA, BASSEM R. | ||
| 245 | 0 | _aMATLAB: SIMULATIONS FOR RADAR SYSTEMS DESIGN | |
| 250 | _a1ST ED. | ||
| 260 | _aBOCA RATON | ||
| 260 |
_aEstados Unidos _bCHAPMAN & HALL/CRC _c2004 |
||
| 300 | _a682 | ||
| 650 | _aMATLAB | ||
| 650 | _aRADAR-EQUIPOS Y SUMINISTROS-DISEÑO Y CONSTRUCCION | ||
| 650 | _aRADAR-SIMULACION | ||
| 942 | _c01 | ||
| 010 | _a76620 | ||
| 999 |
_c230031 _d230031 |
||